Геохимическая характеристика грунтов урбанизированных территорий и оценка их токсичности [на примере Томска]; Труды Международного форума по проблемам науки, техники и образования (Москва, 5-9 декабря 2005 г.); Т. 3

Dades bibliogràfiques
Parent link:Труды Международного форума по проблемам науки, техники и образования (Москва, 5-9 декабря 2005 г.).— .— [Б. м.], 2005
Т. 3.— 2005.— С. 94-95
Autor principal: Жорняк Л. В. Лина Владимировна
Altres autors: Язиков Е. Г. Егор Григорьевич
Sumari:В фонде НТБ ТПУ отсутствует
Idioma:rus
Publicat: 2005
Matèries:
Format: MixedMaterials Capítol de llibre
KOHA link:https://koha.lib.tpu.ru/cgi-bin/koha/opac-detail.pl?biblionumber=595881

MARC

LEADER 00000naa0a2200000 4500
001 595881
005 20250312114259.0
035 |a (RuTPU)RU\TPU\tpu\17743 
035 |a RU\TPU\tpu\17232 
090 |a 595881 
100 |a 20100625d2005 k y0rusy50 ca 
101 0 |a rus 
102 |a RU 
200 1 |a Геохимическая характеристика грунтов урбанизированных территорий и оценка их токсичности [на примере Томска]  |f Л. В. Жорняк, Е. Г. Язиков 
320 |a Библиогр.: с. 95 (3 назв.) 
333 |a В фонде НТБ ТПУ отсутствует 
461 |t Труды Международного форума по проблемам науки, техники и образования (Москва, 5-9 декабря 2005 г.)  |c [Б. м.]  |d 2005 
463 |t Т. 3  |v С. 94-95  |c [Б. м.]  |d 2005 
610 1 |a труды учёных ТПУ 
700 1 |a Жорняк  |b Л. В.  |c геохимик  |c доцент Томского политехнического университета, кандидат геолого-минералогических наук  |f 1981-  |g Лина Владимировна  |3 (RuTPU)RU\TPU\pers\26169  |9 11978 
701 1 |a Язиков  |b Е. Г.  |c специалист в области геологии и минералогии  |c профессор Томского политехнического университета, доктор геолого-минералогических наук, заместитель проректора по образовательной и международной деятельности  |f 1955-  |g Егор Григорьевич  |3 (RuTPU)RU\TPU\pers\26057  |9 11896 
801 1 |a RU  |b 63413507  |c 20100302 
801 2 |a RU  |b 63413507  |c 20130122  |g RCR 
942 |c BK